000 00480nam a2200193Ia 4500
005 20250923144458.0
008 008 250917s9999 xx 000 0 eng d
037 _aTextual
040 _aDSWL
_beng
_cDSWL
041 _aeng
_2eng
084 _qDSWL
245 0 _aStatistical year book 1951
_cby Nations United
260 _aNew York
_b United Nations
_c1951
300 _a616p.
365 _aUSD
_b7.5
925 _g7.5
942 _cTEXL
999 _c1439396
_d1439396